Parasitism of nezara viridula l. eggs under field conditions at Kafr El-Sheikh Governorate (Record no. 51261)
[ view plain ]
| 000 -LEADER | |
|---|---|
| fixed length control field | 01767cab a2200325Ia 45 0 |
| 001 - CONTROL NUMBER | |
| control field | u198406 |
| 003 - CONTROL NUMBER IDENTIFIER | |
| control field | SIRSI |
| 008 - FIXED-LENGTH DATA ELEMENTS--GENERAL INFORMATION | |
| fixed length control field | 120227s2005 ua ss b eng d |
| 040 ## - CATALOGING SOURCE | |
| Original cataloging agency | EAL |
| 041 ## - LANGUAGE CODE | |
| Language code of text/sound track or separate title | eng |
| Language code of summary or abstract | ara |
| 043 ## - GEOGRAPHIC AREA CODE | |
| Geographic area code | f-ua |
| 090 ## - LOCALLY ASSIGNED LC-TYPE CALL NUMBER (OCLC); LOCAL CALL NUMBER (RLIN) | |
| Classification number (OCLC) (R) ; Classification number, CALL (RLIN) (NR) | ART EJAR V83 No1 8 |
| 100 1# - MAIN ENTRY--PERSONAL NAME | |
| Personal name | Khalafalla, E.M.E. |
| 240 10 - UNIFORM TITLE | |
| Uniform title | Egyptian journal of agricultural research, 2005 v. 83 (1) |
| Medium | [electronic resource]. |
| 245 10 - TITLE STATEMENT | |
| Title | Parasitism of nezara viridula l. eggs under field conditions at Kafr El-Sheikh Governorate |
| Medium | [electronic resource]. |
| 246 15 - VARYING FORM OF TITLE | |
| Title proper/short title | التطفل على بيض البقة الخضراء تحت الظروف الحقلية لمحافظة كفر الشيخ. |
| 300 ## - PHYSICAL DESCRIPTION | |
| Extent | p.87-94 |
| 504 ## - BIBLIOGRAPHY, ETC. NOTE | |
| Bibliography, etc. note | Includes references. |
| 520 ## - SUMMARY, ETC. | |
| Summary, etc. | The egg parasitoids of Nezara viridula L are of the most important factors which keep the insect well under control . Therefore, the rate of parasitism of N. viridula eggs was determined under field conditions of Kafr EI-sheikh governorate from early April to the end of October during three successive years , 1999,2000 and 2001. The obtained results showed that the parasitism started with low rate during April. The high rate of parasitism and the parasitoid emergence were recorded during June, July and August for the three years and this was synchronized with the increase of temperature. The parasitoids failed to emerge from the parasitized eggs at the low rate of parasitism . |
| 546 ## - LANGUAGE NOTE | |
| Language note | Summary in Arabic. |
| 596 ## - | |
| -- | 1 |
| 650 #0 - SUBJECT ADDED ENTRY--TOPICAL TERM | |
| Topical term or geographic name entry element | Nezara viridula |
| General subdivision | Parasites |
| Geographic subdivision | Egypt. |
| 650 #0 - SUBJECT ADDED ENTRY--TOPICAL TERM | |
| Topical term or geographic name entry element | Nezara viridula |
| General subdivision | Biological control. |
| 650 #0 - SUBJECT ADDED ENTRY--TOPICAL TERM | |
| Topical term or geographic name entry element | Green stink-bug |
| Geographic subdivision | Egypt. |
| 650 #0 - SUBJECT ADDED ENTRY--TOPICAL TERM | |
| Topical term or geographic name entry element | Eggs. |
| 700 1# - ADDED ENTRY--PERSONAL NAME | |
| Personal name | El-Sufty, R.E. |
| 700 1# - ADDED ENTRY--PERSONAL NAME | |
| Personal name | El-Hawary, I.S. |
| 700 1# - ADDED ENTRY--PERSONAL NAME | |
| Personal name | Khatiab, M. A. |
| 856 40 - ELECTRONIC LOCATION AND ACCESS | |
| Host name | uhttp://nile.enal.sci.eg/EALE/ |
| 942 ## - ADDED ENTRY ELEMENTS (KOHA) | |
| Koha item type | Articles |
| Source of classification or shelving scheme | Library of Congress Classification |
No items available.